Guia inventario del Archivo Histórico Municipal de Yecla / Juan Blázquez Miguel ; con la colaboración de Antonio Forte Muñoz
Descripción Física:
42 p. ; 25 cm
Otros Autores:
Forte Muñoz, Antonio
MARC
| LEADER | 00000nam a2200000Ia 4500 | ||
|---|---|---|---|
| 001 | 10347 | ||
| 003 | Arxiu | ||
| 005 | 20260324175314.0 | ||
| 008 | 160829s1983 xx 000 0 cat d | ||
| 080 | |a FU-11-44 | ||
| 100 | |a Blázquez Miguel, Juan |9 25767 | ||
| 245 | |a Guia inventario del Archivo Histórico Municipal de Yecla / Juan Blázquez Miguel ; con la colaboración de Antonio Forte Muñoz | ||
| 260 | |a Murcia : |b Academia Alfonso X el Sabio, |c 1983 | ||
| 300 | |a 42 p. ; |c 25 cm | ||
| 650 | |a Archivo Histórico Municipal de Yecla |x Guies |9 25768 | ||
| 700 | |a Forte Muñoz, Antonio |9 25769 | ||
| 710 | 2 | |9 54491 |a Academia Alfonso X el Sabio | |
| 901 | |a Arxiu | ||
| 942 | |n 1 |2 udc | ||
| 952 | |0 0 |1 0 |4 0 |6 FU1144 |7 1 |9 43791 |a Arxiu |b Arxiu |d 2016-12-01 |l 0 |o FU-11-44 |p 10347 |r 2016-12-01 00:00:00 |w 2016-12-01 |y ARXIU | ||
| 999 | |c 46339 |d 46339 | ||